New Oxford School Dictionary
Salvato in:
| Autore principale: | |
|---|---|
| Natura: | Sconosciuto |
| Lingua: | English |
| Pubblicazione: |
1990
|
| Soggetti: | |
| Tags: |
Aggiungi Tag
Nessun Tag, puoi essere il primo ad aggiungerne! !
|
| Thư viện lưu trữ: | Mạng thư viện Đại học Đà Nẵng |
|---|
| LEADER | 00949ca a2200289 4500 | ||
|---|---|---|---|
| 001 | 000032229 | ||
| 003 | 8308 | ||
| 005 | 20151022000000.0 | ||
| 008 | 151002s1990 000 eng | ||
| 041 | |a eng | ||
| 082 | |a 423 |b HA-J | ||
| 100 | |a Joyce M.Hawkins | ||
| 245 | |a New Oxford School Dictionary |c Joyce M.Hawkins | ||
| 260 | |c 1990 | ||
| 650 | |a New Oxford School Dictionary, Joyce M.Hawkins, Dictionary | ||
| 852 | |b Đọc |c TỪ ĐIỂN | ||
| OWN | |a LNN | ||
| AVA | |a UDN50 |b LNN |c English |d 423 HA-J |e available |t Error 5001 Not defined in file expand_doc_bib_avail. |f 2 |g 0 |h N |i 0 |j AN |k 1 | ||
| 999 | |a From the UDN01 | ||
| AVA | |a UDN50 |b LNN |c English |d 423 HA-J |e available |t Error 5001 Not defined in file expand_doc_bib_avail. |f 2 |g 0 |h N |i 0 |j AN |k 1 | ||
| 980 | |a Mạng thư viện Đại học Đà Nẵng | ||